<?xml version="1.0" encoding="UTF-8"?>
<collection xmlns="http://www.loc.gov/MARC21/slim">
  <record>
    <leader>00000nam  2200000   4500</leader>
    <controlfield tag="001">INLIS000000000015811</controlfield>
    <controlfield tag="005">20230907014229</controlfield>
    <datafield tag="035" ind1="#" ind2="#">
      <subfield code="a">0010-0923000052</subfield>
    </datafield>
    <controlfield tag="007">ta</controlfield>
    <controlfield tag="008">230907################|##########|#|##</controlfield>
    <datafield tag="084" ind1="#" ind2="#">
      <subfield code="a">R 077 PIM II 2022</subfield>
    </datafield>
    <datafield tag="100" ind1=" " ind2="#">
      <subfield code="a">Tri Handayani</subfield>
    </datafield>
    <datafield tag="245" ind1="1" ind2="#">
      <subfield code="a">Transformasi Digital Pengendalian Mutu dan Keamanan Hasil Perikanan di Pasar Domestik dalam Mendukung Terwujudnya Gerakan Masyarakat Hidup Sehat /</subfield>
      <subfield code="c">Tri Handayani</subfield>
    </datafield>
    <datafield tag="250" ind1="#" ind2="#">
      <subfield code="a">1</subfield>
    </datafield>
    <datafield tag="260" ind1="#" ind2="#">
      <subfield code="a">Jakarta :</subfield>
      <subfield code="b">Pusbangkom Pimnas dan Manajerial ASN,</subfield>
      <subfield code="c">2022</subfield>
    </datafield>
    <datafield tag="300" ind1="#" ind2="#">
      <subfield code=":"/>
      <subfield code="b">ilus ;</subfield>
      <subfield code="c">30 cm</subfield>
    </datafield>
    <datafield tag="650" ind1="#" ind2="4">
      <subfield code="a">Pengawasan Mutu</subfield>
    </datafield>
    <datafield tag="520" ind1="#" ind2="#">
      <subfield code="a">Logistik didefinisikan sebagai pengelolaan aktivitas penghantaran barang dari poin of origin ke poin of destination. Pada tingkat mikro tidak dapat dipungkiri bahwa kemampuan suatu perusahaan mengelola kegiatan logistik secara efektif dan efisien adalah salah satu keunggulan  kompetitif untuk dapat memenangkan persaingan dalam bisnis. Agregasi perusahaan dalam mengelola kegiatan logistik dan interaksinya dengan berbagai sistem lain seperti infrastuktur dan regulasi akan menciptakan kondisi logistik di sektor dan selanjutnya akan membentuk sistem logistik ditingkat makro pada tingkat suatu negara.</subfield>
    </datafield>
    <datafield tag="990" ind1="#" ind2="#">
      <subfield code="a">077</subfield>
    </datafield>
  </record>
</collection>
